000 00868nas a2200265 4500
001 BR0901308
003 BR-BrBNA
005 20231205113201.0
007 ta
008 230509b bl.|||p| |||| 00| 00por d
040 _aBR-BrBNA
_bpor
_cBiblioteca Nacional de Agricultura
041 _a(Pt)
072 _aH10
100 1 _aOliveira, C.R.F. de
100 1 _aMatos, C.H.C.
100 1 _aAguiar, R.W. de S.
100 1 _aFaroni, L.R.D.A.
245 1 _aDispersão de Tribolium castaneum (Herbst)(Coleoptera: Tenebrionidae)e Sitophilus zeamais Motschulsky (Coleoptera: curculionidade)em trigo armazenado.
650 _aTRIGO
650 _aARMAZENAGEM
650 _aDOENÇA DE PLANTA
773 0 _tBioscience Journal (Brazil)
_xISSN 1516-3725
_g(Sep-Dec 2003), v. 19(3) p. 51-57
_wBR0901308
909 _a202311
_bLúcia
_c55
_dLúcia Elande
942 _2AGRIS
_n0
_cANA
999 _c202338
_d202338